| 000 | 00657nam a22002297a 4500 | ||
|---|---|---|---|
| 003 | DO-SdBNP | ||
| 005 | 20230418153838.0 | ||
| 007 | ta | ||
| 008 | 100322s2020 dr 000 0 spa d | ||
| 020 | _a9789945094008 | ||
| 040 |
_aDO-SdBNP _bspa _cBNPHU |
||
| 082 | 4 | _222 | |
| 100 | 1 |
_aLópez, Frank D. _937920 |
|
| 245 | 1 | 0 |
_a200 ideas para vender más en tu negocio / _cFrank D. López |
| 246 | _aDoscientas ideas para vender más en tu negocio / | ||
| 260 |
_aSanto Domingo : _bFrank López, _c2020. |
||
| 300 |
_a64 p. : _c22 cm. |
||
| 504 | _aBibliografía : p. 63-64 | ||
| 590 | _aInventariado, 2021/ YL | ||
| 910 | _aYLOCKWARD | ||
| 942 |
_2ddc _cLBS1 |
||
| 999 |
_c49601 _d49601 |
||